| 000 | 00694nas a2200181 a 4500 | ||
|---|---|---|---|
| 008 | 100407c19829999||||||||||||||||| || u | ||
| 050 | _aUNIN(08) | ||
| 245 | 0 | 0 |
_aToward a language policy for Namibia: english as the official language: perspectives and strategies _cBased on the work of Chamberlain, R. Diallo, A. John E, J. |
| 260 |
_aLusaka _bUnited Nations Institute for Namibia _c1982 |
||
| 300 | _aviii, 123p. :ill. | ||
| 350 | _a0.00 | ||
| 490 | _aNamibia Study Series No. 4 | ||
| 500 | _aIssue 4 | ||
| 650 | _aLANGUAGE AND EDUCATION--NAMIBIA | ||
| 650 | _aLANGUAGE AND POLICY--NAMIBIA | ||
| 650 | _aENGLISH LANGUAGE--POLITICAL ASPECTS--NAMIBIA | ||
| 650 | _aENGLISH LANGUAGE--NAMIBIA | ||
| 999 |
_c60029 _d60029 |
||